| 000 | 00703nam a22002057a 4500 | ||
|---|---|---|---|
| 999 |
_c14167 _d14167 |
||
| 003 | MIRAKIL | ||
| 005 | 20201111120115.0 | ||
| 008 | 201111b tu ||||| |||| 00| 0 tur d | ||
| 040 |
_aTR-AnCHP _btur _cTR-AnCHP |
||
| 041 | _atur | ||
| 082 |
_aATA 956.1024 _bA72 1975 |
||
| 245 |
_aAtatürk konferansları V: _b1971-1972/ |
||
| 260 |
_aAnkara: _bTürk Tarih Kurumu, _c1975. |
||
| 300 |
_a322 s.: _bfotğ.; _c24 sm. |
||
| 490 |
_aAtatürk Kültür, Dil ve Tarih Yüksek Kurumu Türk Tarih Kurumu yayınları ; _vXVII. Dizi -Sa.5. |
||
| 600 |
_aAtatürk, Mustafa Kemal _d1881-1938 _xkonferanslar |
||
| 600 |
_aAtatürk, Mustafa Kemal _d1881-1938 _xTarih |
||
| 650 | 0 |
_aTürkiye _94 _xTarih |
|
| 942 |
_2ddc _cBKS |
||